[Event "DVM U10 2014"]
[Site "Magdeburg GER"]
[Date "2014.12.28"]
[Round "4"]
[White "Silini, Jalel"]
[Black "Bornemann, Malte"]
[Result "1-0"]
[Termination "normal"]
[Board "9.3"]
[WhiteElo "876"]
[BlackElo "966"]
[WhiteTeam "Lübecker SV von 1873 1"]
[BlackTeam "SK Blauer Springer Paderborn 1"]
[PlyCount "101"]
[WhiteFideId "16215397"]
[BlackFideId "16284470"]
[EventCountry "GER"]
[EventRounds "7"]
[EventType "team-swiss"]
[EventDate "2014.12.27"]

1. e4 e6 2. d4 d5 3. e5 c5 4. Nf3 Qb6 5. Nc3 Nc6 6. Be3 Qxb2 7. Bd2 cxd4 8. Rb1
Qa3 9. Nb5 Qe7 10. Bf4 a6 11. Nd6+ Kd8 12. Nxd4 Nxd4 13. Qxd4 Qd7 14. Bg5+ Be7
15. Qb6+ Qc7 16. Nxf7+ Kd7 17. Qxc7+ Kxc7 18. Bxe7 Nxe7 19. Nxh8 h6 20. Bd3 Bd7
21. Nf7 Nc8 22. O-O Be8 23. Bg6 Nb6 24. h4 Nc4 25. Rfd1 Bxf7 26. Bxf7 Nxe5 27.
Bxe6 h5 28. Rxd5 Ng6 29. Rd7+ Kc6 30. Rbxb7 Nf8 31. Rxg7 Nxe6 32. Rb3 Nd4 33.
Rb1 Rc8 34. Kh1 Nxc2 35. Rc1 Kb6 36. Rf7 Rc4 37. g3 Na3 38. Rxc4 Nxc4 39. Rh7
Ne5 40. Rxh5 Ng4 41. Kg2 a5 42. Rg5 Nxf2 43. Kxf2 a4 44. h5 Kc7 45. h6 Kd7 46.
h7 Ke6 47. h8=Q Kd6 48. Re5 Kd7 49. Qf6 Kc7 50. Re7+ Kc8 51. Qf8# 1-0

[Event "DVM U10 2014"]
[Site "Magdeburg GER"]
[Date "2014.12.28"]
[Round "4"]
[White "Yin, Haode"]
[Black "Senechal, Niklas Bennett"]
[Result "0-1"]
[Termination "normal"]
[Board "9.4"]
[WhiteElo "924"]
[BlackElo "757"]
[WhiteTeam "SK Blauer Springer Paderborn 1"]
[BlackTeam "Lübecker SV von 1873 1"]
[PlyCount "34"]
[WhiteFideId "16261348"]
[BlackFideId "16231180"]
[EventCountry "GER"]
[EventRounds "7"]
[EventType "team-swiss"]
[EventDate "2014.12.27"]

1. d4 d5 2. Nf3 Bg4 3. Bf4 Nc6 4. e3 Nf6 5. c3 e6 6. Bb5 Bd6 7. Ne5 Bxe5 8. f3
Bxf4 9. exf4 Bf5 10. h4 h6 11. Bxc6+ bxc6 12. Qa4 Qd6 13. Nd2 O-O 14. O-O-O
Rab8 15. a3 c5 16. Qxa7 Qb6 17. Qa4 Qxb2# 0-1

[Event "DVM U10 2014"]
[Site "Magdeburg GER"]
[Date "2014.12.28"]
[Round "4"]
[White "Hundrieser, Malte"]
[Black "Kittelmann, Anton"]
[Result "1-0"]
[Termination "normal"]
[Board "10.1"]
[WhiteElo "1630"]
[BlackElo "1017"]
[WhiteTeam "SV Roter Turm Halle 1"]
[BlackTeam "SG Blau-Weiß Stadtilm 1"]
[PlyCount "99"]
[WhiteFideId "12997153"]
[EventCountry "GER"]
[EventRounds "7"]
[EventType "team-swiss"]
[EventDate "2014.12.27"]

1. e4 e5 2. Nf3 Nc6 3. d4 exd4 4. Nxd4 Bc5 5. Nb3 Qf6 6. Nxc5 d6 7. Nd3 Be6 8.
Nc3 Nh6 9. Bxh6 gxh6 10. Qd2 O-O-O 11. O-O-O d5 12. exd5 Bxd5 13. Qf4 Qxf4+ 14.
Nxf4 Be6 15. Rxd8+ Rxd8 16. Nxe6 fxe6 17. Bd3 Rf8 18. f3 Rg8 19. g3 Rf8 20. f4
Rf7 21. Re1 Re7 22. Kd2 e5 23. fxe5 Rxe5 24. Rxe5 Nxe5 25. Ke2 Nxd3 26. Kxd3
Kd7 27. Ke4 Ke6 28. g4 a6 29. h4 c6 30. Kf4 b6 31. Na4 b5 32. Nc5+ Kd6 33. Nxa6
Ke6 34. a4 bxa4 35. Nc5+ Kf6 36. Nxa4 Ke6 37. g5 hxg5+ 38. Kxg5 Kf7 39. Kf5 h6
40. h5 Kg7 41. Ke6 Kh7 42. Kf7 Kh8 43. c4 Kh7 44. b4 Kh8 45. b5 cxb5 46. cxb5
Kh7 47. b6 Kh8 48. b7 Kh7 49. Nc5 Kh8 50. b8=Q+ 1-0

[Event "DVM U10 2014"]
[Site "Magdeburg GER"]
[Date "2014.12.28"]
[Round "4"]
[White "Pietsch, Julius"]
[Black "Werner, Linus"]
[Result "0-1"]
[Termination "normal"]
[Board "10.3"]
[WhiteElo "1009"]
[BlackElo "1104"]
[WhiteTeam "SV Roter Turm Halle 1"]
[BlackTeam "SG Blau-Weiß Stadtilm 1"]
[PlyCount "72"]
[WhiteFideId "12985660"]
[EventCountry "GER"]
[EventRounds "7"]
[EventType "team-swiss"]
[EventDate "2014.12.27"]

1. e4 e5 2. Nf3 Nc6 3. Bc4 Bc5 4. Nc3 Nf6 5. d3 d6 6. Bg5 Be6 7. Bd5 h6 8. Bh4
g5 9. Bg3 Bxd5 10. Nxd5 Nxd5 11. exd5 Nd4 12. Nxd4 Bxd4 13. c3 Bb6 14. Qe2 Qd7
15. Bxe5 dxe5 16. Qxe5+ Qe7 17. Qxe7+ Kxe7 18. O-O Kd6 19. a4 a5 20. b4 Kxd5
21. c4+ Kd4 22. c5 Ba7 23. b5 c6 24. b6 Bb8 25. Rac1 Bf4 26. Rb1 Rhe8 27. g3
Be5 28. Rfe1 Bg7 29. Rxe8 Rxe8 30. Rc1 Re2 31. Kf1 Rd2 32. Rc4+ Kxd3 33. Rg4
Bd4 34. Ke1 Bxc5 35. f4 Rxh2 36. fxg5 Rh1# 0-1

[Event "DVM U10 2014"]
[Site "Magdeburg GER"]
[Date "2014.12.28"]
[Round "4"]
[White "Schmidt, Pauline"]
[Black "Pietsch, Johann"]
[Result "1-0"]
[Termination "normal"]
[Board "10.4"]
[WhiteElo "867"]
[BlackElo "971"]
[WhiteTeam "SG Blau-Weiß Stadtilm 1"]
[BlackTeam "SV Roter Turm Halle 1"]
[PlyCount "61"]
[WhiteFideId "16209850"]
[BlackFideId "12987000"]
[EventCountry "GER"]
[EventRounds "7"]
[EventType "team-swiss"]
[EventDate "2014.12.27"]

1. e4 c5 2. Nf3 d6 3. d3 Nc6 4. g3 Nf6 5. Bg2 e6 6. O-O Be7 7. Nbd2 Bd7 8. Re1
Qc7 9. b3 a6 10. a4 O-O 11. Nf1 e5 12. h3 h6 13. N1h2 Nb4 14. c3 Nc6 15. d4
cxd4 16. cxd4 Rfd8 17. d5 Na7 18. Nh4 Nh7 19. Nf5 Bf6 20. Ng4 b5 21. Nxf6+ Nxf6
22. g4 Bxf5 23. exf5 Qb7 24. g5 hxg5 25. Bxg5 Qe7 26. Qf3 e4 27. Qg3 Re8 28.
Rac1 Qd7 29. Bxf6 g6 30. Qh4 Qe7 31. Qh8# 1-0

[Event "DVM U10 2014"]
[Site "Magdeburg GER"]
[Date "2014.12.28"]
[Round "4"]
[White "Hommel, Niclas"]
[Black "Müller, Richard"]
[Result "0-1"]
[Termination "normal"]
[Board "11.1"]
[WhiteElo "1552"]
[BlackElo "1187"]
[WhiteTeam "Schachunion Berlin 1"]
[BlackTeam "ESV Nickelhütte Aue"]
[PlyCount "72"]
[WhiteFideId "12974927"]
[BlackFideId "12963364"]
[EventCountry "GER"]
[EventRounds "7"]
[EventType "team-swiss"]
[EventDate "2014.12.27"]

1. e4 e5 2. Nf3 d6 3. d4 exd4 4. Nxd4 g6 5. Nc3 Bg7 6. Bc4 Nc6 7. Be3 Nf6 8.
O-O O-O 9. f3 Re8 10. Bf2 Nxd4 11. Bxd4 c5 12. Bf2 Qb6 13. Rb1 Bd7 14. Bg3 Be6
15. Bxe6 Rxe6 16. Qd3 c4+ 17. Bf2 cxd3 18. Bxb6 dxc2 19. Rbc1 axb6 20. Rxc2 Ne8
21. a3 Bd4+ 22. Kh1 Rc8 23. Rfc1 Bxc3 24. Rxc3 Rxc3 25. Rxc3 d5 26. Re3 Nd6 27.
Rc3 dxe4 28. fxe4 Rxe4 29. h3 b5 30. Rd3 Nc4 31. Rd7 Nxb2 32. Rxb7 Re5 33. Kg1
Nc4 34. Rd7 Re1+ 35. Kf2 Ra1 36. Rb7 Nxa3 0-1

[Event "DVM U10 2014"]
[Site "Magdeburg GER"]
[Date "2014.12.28"]
[Round "4"]
[White "de Veer, Mara"]
[Black "Schurig, Tom"]
[Result "0-1"]
[Termination "normal"]
[Board "11.3"]
[WhiteElo "600"]
[BlackElo "600"]
[WhiteTeam "Schachunion Berlin 1"]
[BlackTeam "ESV Nickelhütte Aue"]
[PlyCount "42"]
[WhiteFideId "16217349"]
[EventCountry "GER"]
[EventRounds "7"]
[EventType "team-swiss"]
[EventDate "2014.12.27"]

1. e4 e5 2. d4 Nc6 3. Nf3 d6 4. Qd2 Nf6 5. Qd1 Nxe4 6. Bd3 Bf5 7. Nc3 d5 8. Nd2
Nxd2 9. Bxd2 e4 10. Bb5 Qd7 11. Be3 a6 12. Ba4 Bb4 13. O-O O-O 14. a3 Bxc3 15.
bxc3 Qe6 16. f3 Qg6 17. Qd2 Bh3 18. fxe4 dxe4 19. d5 Ne5 20. Bf4 Nf3+ 21. Rxf3
exf3 {nicht mehr nachvollziehbar [xf3]} 0-1

[Event "DVM U10 2014"]
[Site "Magdeburg GER"]
[Date "2014.12.28"]
[Round "4"]
[White "Schröter, Lucas"]
[Black "Müller, Bennet"]
[Result "0-1"]
[Termination "normal"]
[Board "11.4"]
[WhiteElo "955"]
[BlackElo "600"]
[WhiteTeam "ESV Nickelhütte Aue"]
[BlackTeam "Schachunion Berlin 1"]
[PlyCount "111"]
[EventCountry "GER"]
[EventRounds "7"]
[EventType "team-swiss"]
[EventDate "2014.12.27"]

1. e4 e5 2. Nf3 Nc6 3. Bb5 Nf6 4. d3 a6 5. Bxc6 dxc6 6. Nxe5 Bd6 7. Ng4 Nxg4 8.
Bd2 Be5 9. c3 Qh4 10. g3 Qh3 11. d4 Qg2 12. Rf1 Nxh2 13. Qe2 Nxf1 14. Qxf1
Qxe4+ 15. Be3 Qf3 16. Nd2 Qf5 17. dxe5 Qxe5 18. Rd1 Qe6 19. Qd3 Qd5 20. Bd4 Bg4
21. Qe3+ Qe6 22. f3 Qxe3+ 23. Bxe3 Be6 24. Bd4 O-O 25. Ne4 h5 26. Kf2 Bd5 27.
Ng5 f6 28. Nh3 Be6 29. Nf4 Bf7 30. Rh1 g5 31. Nd3 Bg6 32. Nc5 b6 33. Nd7 Rf7
34. Nxf6+ Kf8 35. g4 -- 36. gxh5 Bf5 37. h6 Bh7 38. a4 a5 39. b4 axb4 40. cxb4
Rxa4 41. Nxh7+ Rxh7 42. Bg7+ Kf7 43. Rh5 Kg6 44. f4 Kxh5 45. fxg5 Rxb4 46. Kg3
Kxg5 47. Bc3 c5 48. Bxb4 cxb4 49. Kf3 Kxh6 50. Ke3 Rd7 51. Ke4 b3 52. Kf4 b2
53. Kg4 b1=Q 54. Kh4 Rd3 55. Kg4 Rd4+ 56. Kf3 0-1

[Event "DVM U10 2014"]
[Site "Magdeburg GER"]
[Date "2014.12.28"]
[Round "4"]
[White "Sawadski, Nikolas"]
[Black "Winkelmann, Maurits"]
[Result "1-0"]
[Termination "normal"]
[Board "12.1"]
[WhiteElo "1175"]
[BlackElo "1129"]
[WhiteTeam "Heilbronner SV"]
[BlackTeam "SC 1997 Lambsheim"]
[PlyCount "117"]
[WhiteFideId "16261585"]
[EventCountry "GER"]
[EventRounds "7"]
[EventType "team-swiss"]
[EventDate "2014.12.27"]

1. e4 c5 2. c4 e6 3. Nc3 a6 4. a4 Qc7 5. Nf3 b6 6. d3 Bb7 7. Be2 Nf6 8. O-O h5
9. e5 Ng4 10. d4 f6 11. h3 Nh6 12. Bxh6 Rxh6 13. exf6 gxf6 14. dxc5 bxc5 15.
Nh2 Rg6 16. Bxh5 Qc6 17. Bxg6+ Kd8 18. Be4 Qc7 19. Bxb7 Qxb7 20. Qf3 Qxf3 21.
Nxf3 Nc6 22. Rad1 Ne7 23. Rd2 Bh6 24. Rd3 Ra7 25. Ne4 Nc6 26. Nxc5 Nb4 27. Rb3
Nc6 28. Rb7 Rxb7 29. Nxb7+ Kc7 30. Nc5 Bf8 31. Ne4 f5 32. Nf6 Bg7 33. Ne8+ Kd8
34. Nxg7 Nb4 35. Rd1 a5 36. Nxe6+ Ke7 37. Nc5 d6 38. Re1+ Kd8 39. Re6 Kc7 40.
Nd4 dxc5 41. Nxf5 Nd3 42. Re2 Nc1 43. Rd2 Nb3 44. Rc2 Kc6 45. h4 Kd7 46. h5 Ke6
47. g4 Kf6 48. Rc3 Nd2 49. h6 Kg6 50. b3 Nb1 51. Rc2 Kh7 52. Re2 Kg8 53. Re8+
Kh7 54. Re7+ Kg8 55. h7+ Kh8 56. g5 Nc3 57. g6 Ne2+ 58. Kh2 Ng3 59. Re8# 1-0

[Event "DVM U10 2014"]
[Site "Magdeburg GER"]
[Date "2014.12.28"]
[Round "4"]
[White "Dalchow, Mario"]
[Black "Sawadski, Leonard"]
[Result "1/2-1/2"]
[Termination "normal"]
[Board "12.2"]
[WhiteElo "1193"]
[BlackElo "922"]
[WhiteTeam "SC 1997 Lambsheim"]
[BlackTeam "Heilbronner SV"]
[PlyCount "97"]
[WhiteFideId "12971421"]
[BlackFideId "16261607"]
[EventCountry "GER"]
[EventRounds "7"]
[EventType "team-swiss"]
[EventDate "2014.12.27"]

1. e4 e5 2. Nf3 Nc6 3. Bc4 Bc5 4. c3 Nf6 5. d4 exd4 6. cxd4 Bb6 7. Nc3 d6 8.
Bg5 O-O 9. Nd5 Ba5+ 10. Nc3 Bxc3+ 11. bxc3 a6 12. e5 dxe5 13. dxe5 Qe7 14. Qe2
Qa3 15. Qc2 Ng4 16. Bf4 b5 17. Be2 Qc5 18. O-O Ncxe5 19. Ng5 Nf6 20. Ne4 Qc6
21. Nxf6+ Qxf6 22. Qe4 Nc6 23. Rfc1 Bb7 24. Bxc7 Na5 25. Qf4 Qg6 26. g3 Rfe8
27. Bf3 Bxf3 28. Qxf3 Qc6 29. Qxc6 Nxc6 30. Re1 b4 31. cxb4 Nxb4 32. Rxe8+ Rxe8
33. Bd6 Nc2 34. Rc1 Nd4 35. Rc4 Nf3+ 36. Kg2 Nd2 37. Ra4 Ra8 38. h4 h6 39. g4
Nb1 40. Be5 f6 41. Bf4 Nc3 42. Ra5 Kf7 43. f3 Ke7 44. Ra3 Nb5 45. Re3+ Kf7 46.
a4 Nd4 47. Rd3 Rd8 48. Be3 Nc6 49. Rc3 1/2-1/2

[Event "DVM U10 2014"]
[Site "Magdeburg GER"]
[Date "2014.12.28"]
[Round "4"]
[White "Hagenmeyer, Felix"]
[Black "Warzecha, Fabian"]
[Result "1/2-1/2"]
[Termination "normal"]
[Board "12.3"]
[WhiteElo "928"]
[BlackElo "1121"]
[WhiteTeam "Heilbronner SV"]
[BlackTeam "SC 1997 Lambsheim"]
[PlyCount "86"]
[WhiteFideId "34612572"]
[EventCountry "GER"]
[EventRounds "7"]
[EventType "team-swiss"]
[EventDate "2014.12.27"]

1. e4 c6 2. d4 d5 3. exd5 cxd5 4. Bf4 Nc6 5. Nf3 Bf5 6. Nc3 Nf6 7. Bd3 Bxd3 8.
cxd3 e6 9. O-O Be7 10. Nb5 Rc8 11. Ne5 Nxe5 12. dxe5 Nd7 13. Nxa7 Ra8 14. Nb5
Qb6 15. a4 O-O 16. Qb3 Rac8 17. Be3 Qa6 18. Rfc1 Nc5 19. Qc2 Qc6 20. Qd1 Qd7
21. Rc2 b6 22. Bxc5 bxc5 23. b3 h6 24. Rac1 Bg5 25. Nd6 Bxc1 26. Nxc8 Rxc8 27.
Qxc1 Qe7 28. d4 Rc6 29. Rxc5 Rxc5 30. dxc5 Qc7 31. b4 Qc6 32. b5 Qb7 33. c6 Qa7
34. c7 Qxa4 35. c8=Q+ Kh7 36. Qb1+ g6 37. Qbc2 Qxb5 38. Q8c7 Kg7 39. h4 h5 40.
Q2c3 Qb1+ 41. Kh2 Qf5 42. g3 Qxf2+ 43. Kh1 Qf1+ 1/2-1/2

[Event "DVM U10 2014"]
[Site "Magdeburg GER"]
[Date "2014.12.28"]
[Round "4"]
[White "Shevchenko, Alyona"]
[Black "Deutsch, Christoph"]
[Result "1-0"]
[Termination "normal"]
[Board "13.1"]
[WhiteElo "1019"]
[BlackElo "1215"]
[WhiteTeam "Karlsruher SF 1853"]
[BlackTeam "SK Gründau"]
[PlyCount "113"]
[WhiteFideId "12983420"]
[BlackFideId "16206878"]
[EventCountry "GER"]
[EventRounds "7"]
[EventType "team-swiss"]
[EventDate "2014.12.27"]

1. e4 e5 2. c3 Nc6 3. Nf3 d6 4. d4 Bg4 5. h3 Bh5 6. Be2 Be7 7. O-O Nf6 8. Nbd2
Bf8 9. Bc4 Ne7 10. Qe1 h6 11. dxe5 dxe5 12. Nxe5 Nc6 13. Nxc6 bxc6 14. Bb3 Bc5
15. Ba4 Qd7 16. Nb3 Bb6 17. Be3 O-O-O 18. c4 Bxe3 19. Qxe3 Kb8 20. Na5 Qd3 21.
Nxc6+ Kc8 22. Qxa7 Kd7 23. Nxd8+ Ke7 24. Qxc7+ Kf8 25. Qc5+ Kg8 26. Rfe1 Qxd8
27. e5 Nd7 28. Bxd7 Qxd7 29. e6 fxe6 30. Qxh5 Kh7 31. Re5 Rf8 32. Rae1 g6 33.
Qg4 Qa7 34. R1e2 Qxa2 35. Rxe6 Qb1+ 36. Kh2 Rf7 37. Re7 Rg7 38. Rxg7+ Kxg7 39.
Re7+ Kf6 40. Qe6+ Kg5 41. Qe5+ Qf5 42. Qxf5+ Kxf5 43. c5 h5 44. c6 h4 45. c7
Kg5 46. c8=Q Kf4 47. Qe6 Kg5 48. Rh7 Kf4 49. Rxh4+ Kg5 50. Qg4+ Kf6 51. Rh6 Ke5
52. Qxg6 Kd5 53. Rh4 Kc5 54. Qg5+ Kc6 55. Rh6+ Kd7 56. Qg7+ Kd8 57. Rh8# 1-0

[Event "DVM U10 2014"]
[Site "Magdeburg GER"]
[Date "2014.12.28"]
[Round "4"]
[White "Bayer, Melissa"]
[Black "Kiefhaber, Julius"]
[Result "1-0"]
[Termination "normal"]
[Board "13.2"]
[WhiteElo "1040"]
[BlackElo "930"]
[WhiteTeam "SK Gründau"]
[BlackTeam "Karlsruher SF 1853"]
[PlyCount "57"]
[WhiteFideId "16206916"]
[BlackFideId "16245121"]
[EventCountry "GER"]
[EventRounds "7"]
[EventType "team-swiss"]
[EventDate "2014.12.27"]

1. e4 c5 2. Nc3 Nc6 3. Nf3 g6 4. Bc4 Bg7 5. d3 e6 6. Bg5 Nf6 7. e5 d5 8. Bb3
O-O 9. exf6 Bxf6 10. Qd2 Bd7 11. Qf4 Be7 12. Bh6 Re8 13. O-O Nb4 14. Bg5 d4 15.
Ne2 Bc6 16. Bh6 Bxf3 17. Qxf3 Bg5 18. Qh3 Bf6 19. Qg3 a5 20. Ba4 Re7 21. Nf4 e5
22. Nh5 Rc7 23. f4 Qe7 24. f5 c4 25. fxg6 cxd3 26. gxh7+ Kxh7 27. Nxf6+ Qxf6
28. Rxf6 dxc2 29. Qg7# 1-0

[Event "DVM U10 2014"]
[Site "Magdeburg GER"]
[Date "2014.12.28"]
[Round "4"]
[White "Holubek, Oliver"]
[Black "Deutsch, Volker"]
[Result "1-0"]
[Termination "normal"]
[Board "13.3"]
[WhiteElo "989"]
[BlackElo "1059"]
[WhiteTeam "Karlsruher SF 1853"]
[BlackTeam "SK Gründau"]
[PlyCount "97"]
[BlackFideId "16206886"]
[EventCountry "GER"]
[EventRounds "7"]
[EventType "team-swiss"]
[EventDate "2014.12.27"]

1. e4 e5 2. Nf3 Nc6 3. Bc4 Nf6 4. Ng5 d5 5. exd5 Nxd5 6. Nxf7 Kxf7 7. Qf3+ Ke8
8. Bxd5 Qf6 9. Nc3 Bf5 10. d3 Nd4 11. Qd1 Nc6 12. Ne4 Bxe4 13. dxe4 Bc5 14. Be3
Bxe3 15. fxe3 Rd8 16. Rf1 Qh4+ 17. Rf2 Rf8 18. g3 Qg5 19. Rxf8+ Kxf8 20. Qf3+
Qf6 21. Qh5 Qg6 22. Qf3+ Qf6 23. Qxf6+ gxf6 24. O-O-O Nb4 25. a3 Nc6 26. Bxc6
Rxd1+ 27. Kxd1 bxc6 28. Ke2 Kf7 29. h4 h5 30. a4 a5 31. b4 Ke7 32. bxa5 Kd8 33.
a6 Kc8 34. a7 Kb7 35. a8=Q+ Kxa8 36. Kf3 Kb8 37. g4 hxg4+ 38. Kxg4 Kb7 39. h5
Kb6 40. h6 Ka5 41. h7 Kxa4 42. h8=Q c5 43. Qb8 Ka5 44. Kf5 c4 45. Ke6 f5 46.
exf5 e4 47. Kd5 Ka4 48. Kxc4 Ka5 49. Qb5# 1-0

[Event "DVM U10 2014"]
[Site "Magdeburg GER"]
[Date "2014.12.28"]
[Round "4"]
[White "Deutsch, Oliver"]
[Black "Kiefhaber, Marlene"]
[Result "0-1"]
[Termination "normal"]
[Board "13.4"]
[WhiteElo "791"]
[BlackElo "865"]
[WhiteTeam "SK Gründau"]
[BlackTeam "Karlsruher SF 1853"]
[PlyCount "124"]
[WhiteFideId "16206894"]
[EventCountry "GER"]
[EventRounds "7"]
[EventType "team-swiss"]
[EventDate "2014.12.27"]

1. e4 c6 2. Nf3 d5 3. Nc3 Nf6 4. exd5 cxd5 5. Bb5+ Nc6 6. O-O Bg4 7. h3 Bh5 8.
d3 e5 9. Bg5 Bb4 10. a3 Bxc3 11. bxc3 O-O 12. Bxc6 bxc6 13. Qe2 h6 14. Bh4 Rb8
15. g4 Bg6 16. Nxe5 Bh7 17. Qf3 Re8 18. Bxf6 Qxf6 19. Qxf6 gxf6 20. Nxc6 Rb2
21. Nxa7 Rxc2 22. Nb5 Bxd3 23. Rad1 Bxb5 24. Rxd5 Bxf1 25. Kxf1 Rc1+ 26. Kg2
Ree1 27. Rf5 Rg1+ 28. Kf3 Rxc3+ 29. Ke4 Re1+ 30. Kf4 Rc4+ 31. Kf3 Rc3+ 32. Kf4
Rxa3 33. Rxf6 Rb1 34. Rd6 Rb4+ 35. Ke5 Ra5+ 36. Kf6 Rf4+ 37. Ke7 Re5+ 38. Kd7
Rb4 39. Rxh6 Rd4+ 40. Rd6 Rxd6+ 41. Kxd6 Re4 42. Kd5 Re2 43. Kd4 Rxf2 44. Ke3
Rh2 45. Kf4 Rxh3 46. Kf5 Kg7 47. Kg5 f6+ 48. Kf4 Kg6 49. Ke4 f5+ 50. gxf5+ Kg5
51. Ke5 Rh8 52. f6 Kg6 53. Ke6 Rf8 54. Ke7 Rxf6 55. Kd7 Kf7 56. Kd8 Rd6+ 57.
Kc7 Ke7 58. Kb7 Kd8 59. Kb8 Rc6 60. Kb7 Kd7 61. Ka7 Kc8 62. Ka8 Ra6# 0-1

[Event "DVM U10 2014"]
[Site "Magdeburg GER"]
[Date "2014.12.28"]
[Round "4"]
[White "Högner, Tom"]
[Black "ter Stal, Lars"]
[Result "0-1"]
[Termination "normal"]
[Board "14.1"]
[WhiteElo "1072"]
[BlackElo "1186"]
[WhiteTeam "SC Erlangen 48/88"]
[BlackTeam "SK Nordhorn-Blanke"]
[PlyCount "66"]
[WhiteFideId "12995436"]
[BlackFideId "12965200"]
[EventCountry "GER"]
[EventRounds "7"]
[EventType "team-swiss"]
[EventDate "2014.12.27"]

1. e4 e6 2. d4 d5 3. exd5 exd5 4. Nc3 Bb4 5. Bd2 Nc6 6. Bb5 Nge7 7. Qe2 Bf5 8.
O-O-O a6 9. Bxc6+ bxc6 10. Nxd5 Bxd2+ 11. Rxd2 Qxd5 12. Kb1 Qxg2 13. Qf3 Be4
14. Qxg2 Bxg2 15. f3 Bxh1 16. h3 O-O 17. Rh2 Bxf3 18. Nxf3 Rfe8 19. h4 Nf5 20.
h5 Nxd4 21. Rh1 Nxf3 22. Rc1 Re2 23. b3 c5 24. Kb2 c4 25. Rf1 c3+ 26. Kxc3 Re3+
27. Kb2 Nd4 28. c3 Re2+ 29. Ka3 Nb5+ 30. Kb4 c5+ 31. Kc4 Rd2 32. Re1 Rc8 33. a4
Nd6# 0-1

[Event "DVM U10 2014"]
[Site "Magdeburg GER"]
[Date "2014.12.28"]
[Round "4"]
[White "Rudi, Jonathan"]
[Black "Hetzner, Hannes"]
[Result "0-1"]
[Termination "normal"]
[Board "14.2"]
[WhiteElo "1107"]
[BlackElo "969"]
[WhiteTeam "SK Nordhorn-Blanke"]
[BlackTeam "SC Erlangen 48/88"]
[PlyCount "82"]
[WhiteFideId "16241827"]
[BlackFideId "16211936"]
[EventCountry "GER"]
[EventRounds "7"]
[EventType "team-swiss"]
[EventDate "2014.12.27"]

1. e4 e6 2. d4 d5 3. exd5 exd5 4. Nf3 c5 5. c4 cxd4 6. Qxd4 Qe7+ 7. Be3 Nf6 8.
Nc3 Nbd7 9. Be2 dxc4 10. Bxc4 Qb4 11. b3 Bc5 12. Qd2 Nb6 13. Bb5+ Ke7 14. Bxc5+
Qxc5 15. O-O Nbd5 16. Rae1+ Be6 17. Bc4 Nxc3 18. Qxc3 b5 19. Re5 Nd5 20. b4
Qxc4 21. Qxc4 bxc4 22. Rfe1 Rhd8 23. b5 Rac8 24. Nd4 Nc3 25. Nc6+ Rxc6 26. bxc6
Nxa2 27. -- Kd6 28. c7 Rc8 29. Ra5 c3 30. Re2 Nc1 31. Rc2 Nb3 32. Rxa7 Rxc7 33.
Rxc7 Kxc7 34. Rxc3+ Kd6 35. Rd3+ Ke7 36. Kf1 Bc4 37. Ke2 Nc1+ 38. Kd2 Nxd3 39.
Kc3 Ba6 40. Kd4 Nf4 41. g3 Ne2+ {Rest nicht nachvollziehbar} 0-1

[Event "DVM U10 2014"]
[Site "Magdeburg GER"]
[Date "2014.12.28"]
[Round "4"]
[White "Hetzner, Michael"]
[Black "Meijerink, Inken"]
[Result "1-0"]
[Termination "normal"]
[Board "14.3"]
[WhiteElo "905"]
[BlackElo "924"]
[WhiteTeam "SC Erlangen 48/88"]
[BlackTeam "SK Nordhorn-Blanke"]
[PlyCount "53"]
[BlackFideId "16225465"]
[EventCountry "GER"]
[EventRounds "7"]
[EventType "team-swiss"]
[EventDate "2014.12.27"]

1. e4 e5 2. f4 exf4 3. Nf3 Nc6 4. d4 d6 5. Bxf4 Nf6 6. Nc3 d5 7. e5 Nh5 8. Be3
f6 9. Bb5 Bd7 10. Nxd5 fxe5 11. Nxe5 Nxe5 12. Qxh5+ Nf7 13. Bxd7+ Qxd7 14. c4
O-O-O 15. O-O Kb8 16. Rxf7 Qe8 17. Qf5 c6 18. Bf4+ Bd6 19. c5 Bxf4 20. Qxf4+
Ka8 21. Nc7+ Kb8 22. Nxe8+ Ka8 23. Nc7+ Kb8 24. Ne6+ Ka8 25. Nxd8 b6 26. Nxc6
bxc5 27. Rxa7# 1-0

[Event "DVM U10 2014"]
[Site "Magdeburg GER"]
[Date "2014.12.28"]
[Round "4"]
[White "Wolterink, Insa"]
[Black "Grüninger, Nils"]
[Result "0-1"]
[Termination "normal"]
[Board "14.4"]
[WhiteElo "865"]
[BlackElo "848"]
[WhiteTeam "SK Nordhorn-Blanke"]
[BlackTeam "SC Erlangen 48/88"]
[PlyCount "94"]
[WhiteFideId "16235266"]
[BlackFideId "12942995"]
[EventCountry "GER"]
[EventRounds "7"]
[EventType "team-swiss"]
[EventDate "2014.12.27"]

1. e4 e5 2. Nf3 Nc6 3. Nc3 Nf6 4. Bb5 a6 5. Ba4 Bc5 6. d3 O-O 7. Bg5 d6 8. O-O
Bg4 9. Nd5 Nd4 10. Nxf6+ gxf6 11. Bh6 Re8 12. c3 Bxf3 13. gxf3 Ne6 14. Kh1 d5
15. Rg1+ Kh8 16. Bxe8 Qxe8 17. Qf1 dxe4 18. dxe4 Qb5 19. Qe1 Qxb2 20. Rg2 Rg8
21. Rxg8+ Kxg8 22. Qg1+ Kh8 23. Rf1 Qxa2 24. Qg2 Ng5 25. Bxg5 fxg5 26. Qxg5
Bxf2 27. Rd1 h5 28. Rd8+ Kh7 29. Rg8 Qa1+ 30. Kg2 Qg1+ 31. Kh3 Qxg5 32. Rxg5 a5
33. Rxe5 b6 34. Rxh5+ Kg6 35. Kg4 a4 36. Rg5+ Kf6 37. e5+ Ke6 38. h4 a3 39. h5
a2 40. h6 a1=Q 41. h7 Qg1+ 42. Kh5 Qh2+ 43. Kg4 Qxh7 44. Rh5 Qg6+ 45. Rg5 f5+
46. Kf4 Qh6 47. c4 Qh4+ 0-1

[Event "DVM U10 2014"]
[Site "Magdeburg GER"]
[Date "2014.12.28"]
[Round "4"]
[White "Wöstmann, Benjamin"]
[Black "Kahlsdorf, Hendrik"]
[Result "0-1"]
[Termination "normal"]
[Board "15.1"]
[WhiteElo "600"]
[BlackElo "1051"]
[WhiteTeam "Hamburger SK 2"]
[BlackTeam "Braunschweiger SF"]
[PlyCount "70"]
[BlackFideId "16201159"]
[EventCountry "GER"]
[EventRounds "7"]
[EventType "team-swiss"]
[EventDate "2014.12.27"]

1. e4 d5 2. d3 dxe4 3. d4 Nf6 4. Nc3 Bf5 5. Bf4 e6 6. Bc4 Be7 7. f3 Nbd7 8. Qd2
O-O 9. O-O-O Nb6 10. Bb3 Qd7 11. Ba4 Nxa4 12. Nxa4 Qxa4 13. Bxc7 Qxa2 14. Qa5
Qxa5 15. Bxa5 b6 16. Bc3 Nd5 17. Bd2 e3 18. Be1 Bg5 19. Rd3 Bxd3 20. cxd3 Rfc8+
21. Kb1 a5 22. Nh3 Bh6 23. Bg3 Nb4 24. Rf1 a4 25. Ka1 a3 26. b3 a2 27. Bf4 Bxf4
28. Nxf4 Nc2+ 29. Kb2 a1=Q+ 30. Rxa1 Rxa1 31. d5 Rh1 32. dxe6 fxe6 33. Nxe6 e2
34. Ka2 e1=Q 35. b4 Qb1# 0-1

[Event "DVM U10 2014"]
[Site "Magdeburg GER"]
[Date "2014.12.28"]
[Round "4"]
[White "Schauder, Finn-Leon"]
[Black "Zores, Kai"]
[Result "1/2-1/2"]
[Termination "normal"]
[Board "15.2"]
[WhiteElo "1011"]
[BlackElo "600"]
[WhiteTeam "Braunschweiger SF"]
[BlackTeam "Hamburger SK 2"]
[PlyCount "57"]
[EventCountry "GER"]
[EventRounds "7"]
[EventType "team-swiss"]
[EventDate "2014.12.27"]

1. e4 e5 2. Nf3 Nc6 3. Bc4 Bc5 4. Nc3 Nf6 5. d3 d6 6. Bg5 h6 7. Bh4 g5 8. Bg3
Bg4 9. h3 Bh5 10. Bh2 Nd4 11. g4 Nxg4 12. hxg4 Bxg4 13. Rg1 Nxf3+ 14. Kf1 Nxg1
15. Qxg4 Qf6 16. Bxg1 h5 17. Qg3 O-O 18. Nd5 Qg7 19. Ke1 c6 20. Ne7+ Kh8 21.
Nf5 Qg8 22. Kd2 d5 23. exd5 cxd5 24. Qxe5+ Kh7 25. Bxd5 Rfb8 26. Bf3 Qe8 27.
Qxc5 Qc8 28. Qb4 Qxf5 29. Be4 1/2-1/2